000 00740nam a22001937a 4500
999 _c187962
_d187962
005 20220506105156.0
010 _aENG-132532
020 _a978938842491
_c150.00
035 _aEN-116064
037 _bDBAD/PUB
082 _a510
100 _aKharat, Vinod V.
245 _aHandbook of Mathematics Formulae:
_bFor First Year B.Tech of PUnyashlok Ahilyadevi Holkar Solapur University/
_cVinod V. Kharat and Sachin M. Vyavahare
260 _aPune
_bVishwakarama Publications
_c2019
270 _a34A/1, Suyog Center, 7th Floor, Gultekadi Marketyard Road, Giridhar Bhavan Chowk
_bPune
_e411037
_minfo@vpindia.co.in
_k9168682200
300 _a81p.
_c22cm(pbk)
700 _aVyavahre, Sachin M.
942 _2ddc
_cEN
_h510
_mKHA